000 00426nam a22001697a 4500
003 DO-SdBNP
005 20180319091851.0
008 180319b xxu||||| |||| 00| 0 spa d
020 _a9972625834
040 _aBPMSU
_bspa
_cBPMSU
245 _aConociendo las aves
260 _a[ s.l] :
_bLexus
_c[s.f.]
300 _a[12. p. ]
_bil.
_c15 cm
942 _2ddc
_cBK
945 _ainventariado, 2018 / dg
956 _adgarcia
_b10
999 _c13357
_d13357